Pluralidad y sucesión de convenios y control de su cumplimiento : (Record no. 436)

MARC details
000 -LEADER
campo de control de longitud fija 01278nam a2200325Ia 4500
001 - NÚMERO DE CONTROL
campo de control 001602
008 - DATOS DE LONGITUD FIJA--INFORMACIÓN GENERAL
campo de control de longitud fija 221003s1992 xx 000 0 spa d
020 ## - NÚMERO INTERNACIONAL ESTÁNDAR DEL LIBRO
Número Internacional Estándar del Libro 84-7434-704-1
035 ## - NÚMERO DE CONTROL DEL SISTEMA
Número de control de sistema CENDO_437
041 ## - CÓDIGO DE IDIOMA
Código de lengua del texto/banda sonora o título independiente spa
084 ## - OTRO NÚMERO DE CLASIFICACIÓN
Número de clasificación CD-00429
110 ## - ENTRADA PRINCIPAL--NOMBRE DE ENTIDAD CORPORATIVA
Nombre de entidad corporativa o nombre de jurisdicción como elemento de entrada JORNADAS DE ESTUDIO SOBRE LA NEGOCIACION COLECTIVA
Número del congreso/reunión o número de parte o sección
Fecha del congreso o de la firma del tratado 1991
Sede del congreso/Lugar de la reunión Madrid
9 (RLIN) 1110
245 #0 - MENCIÓN DEL TÍTULO
Título Pluralidad y sucesión de convenios y control de su cumplimiento :
Resto del título IV Jornadas de Estudio sobre la Negociación Colectiva /
Mención de responsabilidad, etc. Comisión Consultiva Nacional de Convenios Colectivos
260 ## - PUBLICACIÓN, DISTRIBUCIÓN, ETC.
Lugar de publicación, distribución, etc. Madrid :
Nombre del editor, distribuidor, etc. Centro de Publicaciones, Ministerio de Trabajo y Seguridad Social,
Fecha de publicación, distribución, etc. D.L. 1992
300 ## - DESCRIPCIÓN FÍSICA
Extensión 245 p. :
Otras características físicas il., tab. ;
Dimensiones 24 cm
490 ## - MENCIÓN DE SERIE
Mención de serie Encuentros ;
Designación de volumen o secuencia 14
650 ## - PUNTO DE ACCESO ADICIONAL DE MATERIA--TÉRMINO DE MATERIA
Término de materia o nombre geográfico como elemento de entrada CONFERENCIA
9 (RLIN) 311
650 #0 - PUNTO DE ACCESO ADICIONAL DE MATERIA--TÉRMINO DE MATERIA
Término de materia o nombre geográfico como elemento de entrada NEGOCIACION COLECTIVA
9 (RLIN) 74
650 #0 - PUNTO DE ACCESO ADICIONAL DE MATERIA--TÉRMINO DE MATERIA
Término de materia o nombre geográfico como elemento de entrada CONVENIO COLECTIVO
9 (RLIN) 297
710 ## - ENTRADA AGREGADA--NOMBRE DE ENTIDAD CORPORATIVA
Nombre de entidad corporativa o nombre de jurisdicción como elemento de entrada ESPAÑA
Unidad subordinada Ministerio de Trabajo y Seguridad Social
-- Centro de Publicaciones
9 (RLIN) 582
710 ## - ENTRADA AGREGADA--NOMBRE DE ENTIDAD CORPORATIVA
Nombre de entidad corporativa o nombre de jurisdicción como elemento de entrada COMISION CONSULTIVA NACIONAL DE CONVENIOS COLECTIVOS
Sede del congreso/Lugar de la reunión España,
Término indicativo de función/relación ed. lit.
9 (RLIN) 892
856 ## - LOCALIZACIÓN Y ACCESO ELECTRÓNICOS
Nota pública PDF
Identificador Uniforme de Recursos <a href="http://docpublicos.ccoo.es/cendoc/001602PluralidadYSucesionConv4JornadasCCnCC.pdf">http://docpublicos.ccoo.es/cendoc/001602PluralidadYSucesionConv4JornadasCCnCC.pdf</a>
901 ## - ELEMENTOS DE DATOS A LOCAL LDA (RLIN)
a 3
903 ## - ELEMENTOS DE DATOS C LOCAL, LDC (RLIN)
a NO
904 ## - ELEMENTOS DE DATOS D LOCAL, LDD (RLIN)
a 000
953 ## -
-- 1995-11-27
-- MONOGRAFIA
-- CD-00429
910 ## - DATOS DE OPCIÓN DEL USUARIO (OCLC)
Datos de opción del usuario 1992
942 ## - ELEMENTOS DE ENTRADA SECUNDARIOS (KOHA)
Tipo de ítem Koha Monografía
Holdings
Estatus retirado Estado de pérdida Estado de daño No para préstamo Biblioteca de origen Biblioteca actual Fecha de adquisición Total de préstamos Signatura topográfica completa Código de barras Visto por última vez Precio de reemplazo Tipo de ítem Koha
        CENDO CENDO 27/11/1995   CD-00429 CENDO_437 05/10/2022 05/10/2022 Monografía